00926nam a2200277 i 4500001000300000003000400003005001700007008003900024015001800063020001500081040001400096041000800110080000800118080000900126245011400135250004400249260003300293300003600326504002600362655001700388650003000405700004000435700002700475700004800502856009800550bgBPK20201030095338.0000828s2000 pl a f |000 0 pol aPB 2000/16251 a8386882298 aWA NcBPK0 apol a327 a(07)00aStosunki międzynarodowe :bpraca zbiorowa /cpod red. Włodzimierza Malendowskiego i Czesława Mojsiewicza. aWyd. 2 /b[aut. Jolanta Bryła et al.]. aWrocław :b"Atla 2",c2000. a648 s. :b2 il., mapy ;c21 cm. aBibliogr. przy rozdz. 4aPodręcznik 4aPolityka międzynarodowa1 aMalendowski, WłodzimierzeRedakcja1 aBryła, JolantaeAutor1 aMojsiewicz, Czesławd(1925-2009)eRedakcja uhttp://koha.tu.koszalin.pl/cgi-bin/koha/opac-detail.pl?biblionumber=38499yKatalog online BPK